Top 5 Songs On Gluee (Bladee) - Statistics

General Stats
  • This quiz has been taken 40 times
  • The average score is 4 of 5
Answer Stats
Hint Answer % Correct
2,732,368 Ebay
95%
2,826,609 Deletee (Intro)
92%
3,105,493 Unreal
89%
2,094,233 Spellbound
82%
2,047,225 Safehouse
79%
No matching quizzes found
Score Distribution
Percent of People with Each Score
Percentile by Number Answered
Your Score History
You have not taken this quiz